00449nam a2200157Ia 4500008004100000020001400041082001500055100002700070245003100097250000800128260003800136300002700174500001900201600002100220650005000241240925s9999 xx 000 0 und d a471417432 a005.43 SIL aAbraham , Silbesschatz 0aOperating System Concepts  a4th aLondon:bJohn Wiley Sonsc,2002. avii,324p.bNAfPirated aIncludes Index aComputer Science aComputer science, information & general works